The Brief History of a Very Big Book/ (Record no. 201070)

MARC details
000 -LEADER
fixed length control field 00611nam a22001937a 4500
005 - DATE AND TIME OF LATEST TRANSACTION
control field 20240402144026.0
010 ## - LCCN (DPL NO)
LC control number ENG-139460
020 ## - INTERNATIONAL STANDARD BOOK NUMBER
International Standard Book Number 9788178246604
Terms of availability 595.00
035 ## - SYSTEM CONTROL NUMBER
System control number EN-122992
037 ## - SOURCE OF ACQUISITION
Source of stock number/acquisition DBAD/PUB
082 ## - DEWEY DECIMAL CLASSIFICATION NUMBER
Classification number 894.81103
100 ## - MAIN ENTRY--PERSONAL NAME
Personal name Venkatachilapathy A.R.
245 ## - TITLE STATEMENT
Title The Brief History of a Very Big Book/
Statement of responsibility, etc By A.R. Venkatachilapathy
260 ## - PUBLICATION, DISTRIBUTION, ETC. (IMPRINT)
Place of publication, distribution, etc Ranikhet Cantt
Name of publisher, distributor, etc Permanent Black
270 ## - ADDRESS
Address Himalayana , Mall Road , Ranikhet
Postal code 263645
300 ## - PHYSICAL DESCRIPTION
Extent 149p.
Dimensions 21cm(hb)
500 ## - GENERAL NOTE
General note The Making Of The Tamil Encyclopaedia
942 ## - ADDED ENTRY ELEMENTS (KOHA)
Source of classification or shelving scheme Dewey Decimal Classification
Item type English Books
Call number suffix VEN
Classification part 894.81103
Holdings
Withdrawn status Lost status Not for loan Collection code Home library Current library Date acquired Source of acquisition Cost, normal purchase price Full call number Barcode Copy number Cost, replacement price Koha item type
      Non-fiction Bawana Bawana 27/02/2024 DBAD 595.00 VEN 894.81103 EN-122992 1 595.00 English Books

© Delhi Public Library
Hit Counter
free hit counter